| 000 | 00819nam a2200229Ia 4500 | ||
|---|---|---|---|
| 003 | GCL | ||
| 008 | 140319s9999 xx 000 0 ara d | ||
| 040 |
_aGCL / _cGCL |
||
| 082 | 0 | 4 |
_aق _b328.6203 _bس م |
| 100 | 1 | _aسعيدة محمد حسنى | |
| 245 | 1 | 0 |
_aالمجالس النيابية فى مصر فى عهد الاحتلال البريطانى 1914-1882 / _cسعيدة محمد حسنى |
| 260 |
_a[S.N] : _bالهيئة المصرية العامة للكتاب ، _c1990 |
||
| 300 | _a263 ص | ||
| 490 |
_aمصر النهضة _v0 |
||
| 650 | 0 | 4 | _aالعصر الحديث |
| 650 | 0 | 4 | _aمصر |
| 650 | 0 | 4 | _aتاريخ |
| 650 | 0 | 4 | _aالاحوال السياسية |
| 650 | 0 | 4 | _aمركز وثائق وتاريخ مصر المعاصر |
| 650 | 0 | 4 | _aالهيئات التشريعية |
| 942 |
_2ddc _cBK |
||
| 999 |
_c52415 _d52415 |
||